[Event "16th Asian Games (Men Teams)"]
[Site "Guangzhou CHN"]
[Date "2010.11.20"]
[EventDate "2010.11.18"]
[Round "3"]
[Result "1/2-1/2"]
[White "Murtas Muratovich Kazhgaleyev"]
[Black "Pentala Harikrishna"]
[WhiteElo "2623"]
[BlackElo "2657"]
[PlyCount "112"]

1. d4 Nf6 2. c4 e6 3. Nc3 Bb4 4. Qc2 O-O 5. Nf3 c5 6. dxc5 Na6
7. g3 Nxc5 8. Bg2 Nce4 9. O-O Nxc3 10. bxc3 Be7 11. e4 Qc7
12. Qe2 e5 13. Nh4 d6 14. Nf5 Bxf5 15. exf5 Rac8 16. Be3 b6
17. c5 dxc5 18. c4 e4 19. g4 h6 20. Rae1 Rfe8 21. Bc1 Rcd8
22. h4 h5 23. gxh5 Qe5 24. h6 Bd6 25. f4 exf3 26. Qxe5 Rxe5
27. Bxf3 Rxf5 28. Bb2 Bg3 29. Re7 Bxh4 30. hxg7 Nd7 31. Re2
Bf6 32. Bc1 Ne5 33. Bd5 Rxf1+ 34. Kxf1 b5 35. Bb2 Ng4 36. Bf3
Bxb2 37. Bxg4 Bxg7 38. cxb5 c4 39. a4 c3 40. Bf5 Kf8 41. Bc2
Rd5 42. Bb3 Rf5+ 43. Rf2 Rxf2+ 44. Kxf2 f5 45. Ke3 Ke7 46. Bc2
Ke6 47. a5 Be5 48. b6 axb6 49. a6 Bb8 50. Kd4 f4 51. Kxc3 Kd5
52. Kb4 Ba7 53. Bd3 f3 54. Kb5 f2 55. Bf1 Kd6 56. Bg2 Ke5
1/2-1/2

[Event "Tradewise Gibraltar"]
[Site "Catalan Bay GIB"]
[Date "2011.01.29"]
[EventDate "2011.01.25"]
[Round "5"]
[Result "1/2-1/2"]
[White "Pablo Lafuente"]
[Black "Pentala Harikrishna"]
[WhiteElo "2561"]
[BlackElo "2667"]
[PlyCount "81"]

1. d4 Nf6 2. c4 e6 3. Nc3 Bb4 4. e3 b6 5. Bd3 Bb7 6. Nf3 Ne4
7. Qc2 Bxc3+ 8. bxc3 f5 9. O-O O-O 10. Nd2 Qh4 11. f3 Nxd2
12. Bxd2 Nc6 13. Rab1 d6 14. e4 f4 15. e5 dxe5 16. Rfe1 Rae8
17. d5 exd5 18. cxd5 Nb8 19. c4 Na6 20. Bf5 Qh5 21. Be6+ Rxe6
22. dxe6 e4 23. Rb5 c5 24. e7 Re8 25. fxe4 Nc7 26. Rb3 Ne6
27. Qd3 Rxe7 28. Qd6 Qf7 29. Qb8+ Re8 30. Qxa7 Nd4 31. Qxb6
Bxe4 32. Rxe4 Rxe4 33. Qd8+ Qe8 34. Qd5+ Qe6 35. Rb8+ Kf7
36. Rb7+ Kg8 37. Rb8+ Kf7 38. Rb7+ Kg8 39. Rb8+ Kf7 40. Rb7+
Kg8 41. Rb8+ 1/2-1/2

[Event "Tradewise Gibraltar"]
[Site "Catalan Bay GIB"]
[Date "2011.01.30"]
[EventDate "2011.01.25"]
[Round "6"]
[Result "1/2-1/2"]
[White "Pentala Harikrishna"]
[Black "Felipe de Cresce El Debs"]
[WhiteElo "2667"]
[BlackElo "2499"]
[PlyCount "120"]

1. d4 d5 2. c4 c6 3. Nf3 Nf6 4. Nc3 dxc4 5. a4 e6 6. e4 Bb4
7. Bg5 Bxc3+ 8. bxc3 Qa5 9. e5 Ne4 10. Rc1 Nd7 11. Nd2 Nxc3
12. Qf3 Nd5 13. Bxc4 O-O 14. O-O f6 15. Nb3 Qc7 16. Bxd5 exd5
17. Bh4 fxe5 18. Qxd5+ Rf7 19. Rfe1 Nf8 20. Qxe5 Be6 21. Nc5
Bd5 22. Qxc7 Rxc7 23. a5 b6 24. Na6 Rd7 25. Bg3 Rc8 26. h3 Kf7
27. Re3 Ne6 28. Be5 c5 29. dxc5 Nxc5 30. Rec3 Re8 31. Nxc5
bxc5 32. f4 c4 33. Rd1 Red8 34. f5 Be4 35. Rxd7+ Rxd7 36. Rxc4
Bxf5 37. Kf2 h5 38. Ke3 a6 39. Rc6 Bd3 40. g4 hxg4 41. hxg4
Bb5 42. Rb6 Re7 43. Kf4 Re6 44. Bxg7 Rxb6 45. axb6 Bc6 46. Bb2
Kg6 47. Bc3 Bh1 48. Bd2 Bg2 49. Kg3 Bh1 50. Kf2 Ba8 51. Kg3
Bb7 52. Kf4 Bh1 53. Ke5 a5 54. Kd4 a4 55. Kc4 Bg2 56. Bc1 Bf3
57. Kb4 Bc6 58. Bf4 Kf6 59. Kc5 Bf3 60. Kb4 Bc6 1/2-1/2

[Event "Tradewise Gibraltar"]
[Site "Catalan Bay GIB"]
[Date "2011.02.01"]
[EventDate "2011.01.25"]
[Round "8"]
[Result "1-0"]
[White "Pentala Harikrishna"]
[Black "Anthony Bellaiche"]
[WhiteElo "2667"]
[BlackElo "2458"]
[PlyCount "117"]

1. d4 d5 2. c4 c6 3. Nf3 Nf6 4. Nc3 e6 5. Bg5 dxc4 6. a4 Bb4
7. e4 Bxc3+ 8. bxc3 Qa5 9. e5 Ne4 10. Rc1 Qd5 11. Qc2 c5
12. Be3 cxd4 13. cxd4 Qa5+ 14. Nd2 Nxd2 15. Bxd2 Qd8 16. Bxc4
Nc6 17. O-O O-O 18. Rfe1 Bd7 19. Bd3 h6 20. Qd1 Nxd4 21. Bxh6
gxh6 22. Rc4 Nf5 23. Bxf5 exf5 24. Rd4 Bxa4 25. Qxa4 Qe8
26. Qc2 Rd8 27. Rxd8 Qxd8 28. Qxf5 Qe8 29. Qc2 Qd8 30. Qf5 Qd2
31. Rb1 Rd8 32. h3 b6 33. Ra1 Re8 34. Qe4 a5 35. Re1 Re6
36. Re3 Rg6 37. f4 Qc1+ 38. Kh2 Qc6 39. f5 Qxe4 40. Rxe4 Rc6
41. g4 b5 42. Rd4 Rc8 43. Rd6 Re8 44. Rxh6 Rxe5 45. Kg3 Kg7
46. Rb6 a4 47. Kf4 Rc5 48. Ra6 f6 49. Ra5 Rc4+ 50. Kg3 Rc3+
51. Kh4 Rb3 52. Ra7+ Kf8 53. Kh5 Rxh3+ 54. Kg6 Rg3 55. Kxf6
Ke8 56. g5 a3 57. g6 b4 58. g7 Rg1 59. Ra4 1-0

[Event "Tradewise Gibraltar"]
[Site "Catalan Bay GIB"]
[Date "2011.02.03"]
[EventDate "2011.01.25"]
[Round "10"]
[Result "1/2-1/2"]
[White "Pentala Harikrishna"]
[Black "Viktor Erdos"]
[WhiteElo "2667"]
[BlackElo "2593"]
[PlyCount "147"]

1. d4 Nf6 2. c4 c6 3. Nf3 d5 4. Qc2 dxc4 5. Qxc4 Bf5 6. g3 e6
7. Bg2 Nbd7 8. O-O Be7 9. Rd1 O-O 10. e3 Rc8 11. Qe2 Ne4
12. Ne1 Bg6 13. Nd3 c5 14. Nf4 Nd6 15. Nxg6 hxg6 16. dxc5 Nxc5
17. Nc3 Qc7 18. Bd2 Bf6 19. Rac1 Qb8 20. Be1 Rfd8 21. Rc2 Nd7
22. Ne4 Nxe4 23. Bxe4 Nb6 24. Rxd8+ Rxd8 25. Ba5 Rc8 26. Bxb6
axb6 27. Rd2 Rd8 28. Rxd8+ Qxd8 29. b3 Qd7 30. Kg2 Be7 31. a4
g5 32. h3 g6 33. Qc4 b5 34. axb5 b6 35. Qc6 Qd6 36. Qb7 Qd8
37. Bc6 Bc5 38. Bd7 Kf8 39. Qa7 Kg8 40. Bc6 Be7 41. Qa1 Bf6
42. Qa4 Be7 43. Qa2 Kg7 44. Qc2 Bf6 45. Be4 Be7 46. Kf3 Bf6
47. Ke2 Be7 48. Qc6 Bf6 49. Bd3 Be7 50. Bc4 Qd6 51. Kf3 Qd1+
52. Kg2 Qd6 53. Qe4 Bf6 54. Qb7 Be7 55. Qc6 Kf8 56. Be2 Kg7
57. Bg4 Qd8 58. Qb7 Qd5+ 59. Qxd5 exd5 60. Bd7 d4 61. exd4 Bf6
62. d5 Be5 63. Kf3 f5 64. Be8 Kf6 65. h4 gxh4 66. gxh4 Bd6
67. Kg2 Bc7 68. Kh3 Bd6 69. h5 gxh5 70. Kh4 f4 71. f3 Ke7
72. Bc6 Bc7 73. Kxh5 Bd6 74. Kg5 1/2-1/2

[Event "27th Cappelle-la-Grande"]
[Site "Cappelle la Grande FRA"]
[Date "2011.03.04"]
[EventDate "2011.02.26"]
[Round "8.2"]
[Result "1/2-1/2"]
[White "Michail Brodsky"]
[Black "Pentala Harikrishna"]
[WhiteElo "2554"]
[BlackElo "2667"]
[PlyCount "39"]

1. d4 Nf6 2. c4 e6 3. Nf3 d5 4. Nc3 Be7 5. Bg5 h6 6. Bh4 O-O
7. e3 Ne4 8. Bxe7 Qxe7 9. Rc1 c6 10. Bd3 Nxc3 11. Rxc3 dxc4
12. Bxc4 Nd7 13. O-O b6 14. Bd3 c5 15. Be4 Rb8 16. Qc2 Ba6
17. Rc1 Rfc8 18. Qa4 Bb7 19. Bxb7 Rxb7 20. Qc2 1/2-1/2

[Event "39th World Open"]
[Site "Philadelphia, PA USA"]
[Date "2011.07.03"]
[EventDate "2011.06.30"]
[Round "6"]
[Result "0-1"]
[White "Robert Andrew Hungaski"]
[Black "Pentala Harikrishna"]
[WhiteElo "2452"]
[BlackElo "2666"]
[PlyCount "118"]

1. d4 Nf6 2. c4 e6 3. Nc3 Bb4 4. e3 O-O 5. Ne2 Re8 6. a3 Bf8
7. Ng3 d5 8. Be2 dxc4 9. Bxc4 c5 10. dxc5 Qxd1+ 11. Kxd1 Bxc5
12. b4 Be7 13. Bb2 Nbd7 14. Ke2 a6 15. Nce4 Nd5 16. Rhd1 N7b6
17. Bd3 Na4 18. Be5 f6 19. Bd4 f5 20. Bc2 Bd7 21. Nc5 Bxc5
22. bxc5 Ndc3+ 23. Ke1 Nxd1 24. Rxd1 e5 25. Bxe5 Rxe5 26. Rxd7
Nxc5 27. Rc7 g6 28. Ne2 Rae8 29. h4 R8e7 30. Rc8+ Kg7 31. g3
Ne4 32. Bb3 Re8 33. Rc7+ R5e7 34. Rc2 Nd6 35. Rd2 Nf7 36. Rc2
Nd6 37. Rd2 Nb5 38. a4 Na7 39. Nf4 Nc6 40. Bd5 Rc8 41. Rb2 Na5
42. Rb6 Rc1+ 43. Ke2 Rc2+ 44. Ke1 Nc4 45. Rb4 Nd6 46. Ne6+ Kf6
47. Nd4 Rc5 48. Bb3 b5 49. Ne2 Re4 50. Rd4 Rxd4 51. exd4 Rc8
52. axb5 axb5 53. Nf4 Re8+ 54. Kf1 Ne4 55. Nd5+ Kg7 56. Nc7
Re7 57. Nd5 Nd2+ 58. Kg2 Rd7 59. Ba2 Ra7 0-1

[Event "World Chess Team Championship"]
[Site "Ningbo CHN"]
[Date "2011.07.24"]
[EventDate "2011.07.17"]
[Round "7"]
[Result "1-0"]
[White "Pentala Harikrishna"]
[Black "Bassem Amin"]
[WhiteElo "2669"]
[BlackElo "2609"]
[PlyCount "157"]

1. d4 Nf6 2. c4 e6 3. g3 Bb4+ 4. Nd2 c5 5. Ngf3 Nc6 6. dxc5
Bxc5 7. Nb3 Bb6 8. Bg2 d5 9. O-O O-O 10. Bf4 dxc4 11. Nbd2 c3
12. bxc3 Nd5 13. Nc4 Nxf4 14. gxf4 Bc7 15. Qxd8 Rxd8 16. e3
Bd7 17. Nd4 Na5 18. Nd2 Rac8 19. Rab1 b6 20. Ne4 Bb8 21. Rfd1
h6 22. Bf1 Ba4 23. Rdc1 Bc6 24. Nxc6 Nxc6 25. Ba6 Rc7 26. c4
Kf8 27. c5 Ne7 28. Rd1 Rxd1+ 29. Rxd1 Nc6 30. cxb6 axb6
31. Rb1 Ba7 32. Nd6 Nb8 33. Bf1 Rc2 34. a4 Nd7 35. Rd1 Bb8
36. Nb5 Ke7 37. Nd4 Rc8 38. Ba6 Rc5 39. Bb5 Rd5 40. e4 Rd6
41. e5 Rd5 42. Nc6+ Kf8 43. Rxd5 exd5 44. Nb4 Ke7 45. Nxd5+
Ke6 46. Ne3 Nc5 47. Bc4+ Kd7 48. Bxf7 g5 49. fxg5 hxg5 50. Nd5
Bxe5 51. Nxb6+ Kd8 52. a5 Bd4 53. Nc4 Nd3 54. Ne3 Kc7 55. Bc4
Ne5 56. Bb5 Kb7 57. Kg2 Bc3 58. a6+ Ka7 59. Nf5 Bb4 60. Ng3
Be7 61. Ne4 Kb6 62. Be2 Ka7 63. Kg3 Kb8 64. h3 Kc7 65. Bf1 Kc6
66. Nc3 Bc5 67. Nb5 Nd7 68. a7 Nb6 69. Bd3 Na8 70. f3 Be3
71. Kg4 Kb6 72. Kf5 Bd2 73. Ke4 Kc6 74. Kd4 Nb6 75. Ke5 Be3
76. Kf5 Na8 77. Nc3 Bd2 78. Be4+ Kb6 79. Nb1 1-0

[Event "Tata Steel Group B"]
[Site "Wijk aan Zee NED"]
[Date "2012.01.27"]
[EventDate "2012.01.14"]
[Round "11"]
[Result "1-0"]
[White "Sipke Ernst"]
[Black "Pentala Harikrishna"]
[WhiteElo "2606"]
[BlackElo "2665"]
[PlyCount "86"]

1. d4 Nf6 2. c4 e6 3. Nf3 d5 4. Nc3 Be7 5. Bg5 h6 6. Bh4 O-O
7. e3 Ne4 8. Bxe7 Qxe7 9. Rc1 c6 10. h4 Rd8 11. g4 c5 12. g5
Nc6 13. gxh6 Qf6 14. hxg7 cxd4 15. Nxe4 dxe4 16. Nxd4 Qh6
17. Rg1 Nxd4 18. exd4 e3 19. Bd3 f5 20. d5 exd5 21. Qf3 Be6
22. Qxe3 f4 23. Qe5 Re8 24. Kd2 Bf7 25. Qg5 Qb6 26. Qf5 Qxb2+
27. Kd1 Re4 28. cxd5 Rae8 29. Bxe4 Qd4+ 30. Bd3 Bh5+ 31. Kc2
Qa4+ 32. Kb2 Qb4+ 33. Kc2 Qa4+ 34. Kd2 Qa5+ 35. Rc3 Qxa2+
36. Rc2 Qa5+ 37. Rc3 Qa2+ 38. Bc2 Re2+ 39. Kd3 Qa6+ 40. Rc4
Qa3+ 41. Rc3 Qa6+ 42. Kd4 Rd2+ 43. Ke5 Qe2+ 1-0

[Event "Tata Steel Group B"]
[Site "Wijk aan Zee NED"]
[Date "2012.01.29"]
[EventDate "2012.01.14"]
[Round "13"]
[Result "1/2-1/2"]
[White "Pentala Harikrishna"]
[Black "Dimitri Reinderman"]
[WhiteElo "2665"]
[BlackElo "2581"]
[PlyCount "88"]

1. Nf3 c5 2. c3 d5 3. d4 e6 4. Bf4 Bd6 5. Bg3 Nf6 6. e3 Ne4
7. Bxd6 Qxd6 8. Nbd2 Nxd2 9. Qxd2 O-O 10. dxc5 Qxc5 11. Rc1
Nc6 12. c4 dxc4 13. Bxc4 Rd8 14. Qc3 b6 15. Be2 Qxc3+ 16. Rxc3
Bb7 17. O-O Rac8 18. Rfc1 Kf8 19. Kf1 Nb4 20. a3 Nd5 21. R3c2
Rxc2 22. Rxc2 Rc8 23. Rxc8+ Bxc8 24. Nd4 a5 25. Bf3 Ne7
26. Ke1 Ba6 27. Kd2 Ke8 28. Be4 h6 29. f4 Kd7 30. Bd3 Bb7
31. g3 f6 32. Ne2 Bc6 33. Nd4 Bb7 34. Be2 Bd5 35. Bg4 Kd6
36. Nb5+ Kc6 37. Nd4+ Kd6 38. Kd3 e5 39. Nb5+ Kc5 40. Nc7 Bc4+
41. Kc3 Nd5+ 42. Nxd5 Bxd5 43. fxe5 fxe5 44. Bf5 Bf7 1/2-1/2

[Event "45th Biel Masters Open"]
[Site "Biel SUI"]
[Date "2012.07.23"]
[EventDate "2012.07.23"]
[Round "1"]
[Result "1-0"]
[White "Pentala Harikrishna"]
[Black "Nedeljko Kelecevic"]
[WhiteElo "2684"]
[BlackElo "2251"]
[PlyCount "71"]

1. e4 e6 2. d4 d5 3. Nd2 dxe4 4. Nxe4 Bd7 5. Nf3 Bc6 6. Bd3
Bxe4 7. Bxe4 c6 8. c3 Nf6 9. Bc2 Be7 10. O-O Nbd7 11. Re1 O-O
12. Qd3 Re8 13. Ng5 Nf8 14. Qh3 h6 15. Nf3 N6h7 16. Qg4 Bg5
17. Nxg5 hxg5 18. Re5 f6 19. Re2 g6 20. Bd2 Kg7 21. Rae1 Qd6
22. c4 Rad8 23. Bc3 Qf4 24. Qxf4 gxf4 25. h4 f3 26. gxf3 Kf7
27. Bb3 Nd7 28. Bb4 Nb6 29. Bc5 f5 30. d5 cxd5 31. Bxb6 axb6
32. cxd5 Nf6 33. Rxe6 Rxe6 34. Rxe6 Nh5 35. Rxb6 Nf4 36. Rb4
1-0

[Event "45th Biel Masters Open"]
[Site "Biel SUI"]
[Date "2012.07.24"]
[EventDate "2012.07.23"]
[Round "2"]
[Result "0-1"]
[White "Attila Czebe"]
[Black "Pentala Harikrishna"]
[WhiteElo "2478"]
[BlackElo "2684"]
[PlyCount "86"]

1. e4 c5 2. Nf3 Nc6 3. Bb5 Qc7 4. O-O e6 5. Re1 Nge7 6. c3 a6
7. Bf1 Ng6 8. d4 Be7 9. d5 Nd8 10. a4 O-O 11. a5 f5 12. Bg5 d6
13. Bxe7 Nxe7 14. dxe6 fxe4 15. Rxe4 d5 16. Re1 Nxe6 17. Nbd2
Nf4 18. Qa4 Nc6 19. Qa3 Qd6 20. Nb3 Qg6 21. Qxc5 Bh3 22. Nh4
Qg5 23. g3 Bxf1 24. Rxf1 Rae8 25. Rad1 Re2 26. Nc1 Rxb2
27. Nd3 Ne2+ 28. Kh1 Rb5 29. Qd6 Qf6 30. Qc7 Nxc3 31. Rde1 Ne4
32. f3 Qd6 33. Qxd6 Nxd6 34. Re6 Nc4 35. g4 Nd4 36. Re7 Nxa5
37. Rd7 Nac6 38. f4 Rf7 39. Rd6 Kf8 40. Re1 Re7 41. Ne5 Ke8
42. Nf5 Nxf5 43. gxf5 d4 0-1

[Event "45th Biel Masters Open"]
[Site "Biel SUI"]
[Date "2012.08.02"]
[EventDate "2012.07.23"]
[Round "10"]
[Result "0-1"]
[White "Boris Avrukh"]
[Black "Pentala Harikrishna"]
[WhiteElo "2605"]
[BlackElo "2684"]
[PlyCount "110"]

1. d4 Nf6 2. c4 e6 3. Nc3 Bb4 4. e3 O-O 5. Ne2 d5 6. a3 Be7
7. cxd5 exd5 8. b4 c6 9. Ng3 Re8 10. Bd3 Nbd7 11. O-O Bd6
12. Qc2 Nf8 13. b5 Bd7 14. bxc6 bxc6 15. Na4 Ng4 16. Bf5 Bxf5
17. Qxf5 Qh4 18. h3 Nh6 19. Qf3 Ne6 20. Nf5 Nxf5 21. Qxf5 g6
22. Qg4 Qe7 23. Ra2 h5 24. Qd1 Qh4 25. Rc2 Rac8 26. Qd3 Ng5
27. f4 Ne4 28. Qa6 Ng3 29. Rf3 Nf5 30. Rxc6 Rcd8 31. Qd3 Rc8
32. Rxc8 Rxc8 33. Bd2 Qe7 34. Nc3 Qe6 35. Qb5 Ne7 36. Qa5 Rb8
37. Qxa7 Rb2 38. Be1 Bxf4 39. Bf2 Bd6 40. Qa4 Nf5 41. g3 Qc8
42. Qa5 Rb3 43. Nxd5 Nxd4 44. Rf6 Ne6 45. Be1 Rxa3 46. Qb5 Bc5
47. Qb2 Rd3 48. Qg2 Qd8 49. Rxe6 fxe6 50. Nf4 Bxe3+ 51. Kh2
Bxf4 52. gxf4 Kf7 53. Qb7+ Qd7 54. Qb8 e5 55. Kg1 Qd4+ 0-1

[Event "45th Biel Masters Open"]
[Site "Biel SUI"]
[Date "2012.08.03"]
[EventDate "2012.07.23"]
[Round "11"]
[Result "1/2-1/2"]
[White "Pentala Harikrishna"]
[Black "Hrant Melkumyan"]
[WhiteElo "2684"]
[BlackElo "2639"]
[PlyCount "185"]

1. e4 e5 2. Nf3 Nc6 3. Bb5 Nf6 4. d3 Bc5 5. Bxc6 dxc6 6. Nbd2
Be6 7. O-O Nd7 8. Nb3 Be7 9. d4 Bf6 10. Na5 Rb8 11. dxe5 Nxe5
12. Qxd8+ Kxd8 13. Nd4 Bd7 14. f4 Ng6 15. e5 Be7 16. Be3 c5
17. Ne2 b6 18. Nc4 Be6 19. Nd2 Bf5 20. Rac1 h5 21. Nf3 h4
22. b4 Kc8 23. bxc5 bxc5 24. Nc3 Rd8 25. Ng5 Bxg5 26. fxg5 Be6
27. Bxc5 Nxe5 28. Rfe1 Ng6 29. Bxa7 Ra8 30. Be3 h3 31. gxh3
Nh4 32. Red1 Ra3 33. Rxd8+ Kxd8 34. Nd1 Bxh3 35. Kf2 Be6
36. Nb2 Nf5 37. Nd3 Nxe3 38. Kxe3 Rxa2 39. h4 g6 40. Ne5 Ke7
41. Nc6+ Kd6 42. Nd4 Ra3+ 43. c3 Bc4 44. Nc2 Ra2 45. Kd4 Bb3
46. Ne1 Rh2 47. Nf3 Rh3 48. Rf1 Bd5 49. Ke3 Kc5 50. Kf4 c6
51. Kg4 Be6+ 52. Kf4 Kd5 53. Re1 c5 54. Re3 Kd6 55. Rd3+ Kc7
56. Re3 Kb6 57. Rd3 Kb5 58. Rd6 Bb3 59. Rd7 Be6 60. Rd6 Rh1
61. Kg3 Bb3 62. Rd7 Be6 63. Rd6 Ba2 64. Rd2 Bc4 65. Rb2+ Ka4
66. Nd2 Rc1 67. Ne4 Ka3 68. Rd2 Bb5 69. Kf2 Rh1 70. Nxc5 Rxh4
71. Ke3 Rg4 72. Ne4 Bc6 73. Nd6 Rxg5 74. Nxf7 Rc5 75. Nd6 Kb3
76. c4 Rh5 77. Kd4 Bh1 78. Rd1 g5 79. Nf5 Rh8 80. Rb1+ Kc2
81. Rg1 Kb3 82. Ne3 Rd8+ 83. Nd5 Bf3 84. Rxg5 Be2 85. Rg3+ Ka4
86. c5 Bb5 87. Rg6 Ka5 88. Rb6 Rh8 89. Nc3 Rh4+ 90. Ne4 Ba4
91. Kd3 Bd7 92. Rd6 Bb5+ 93. Kd4 1/2-1/2

[Event "Chess Olympiad"]
[Site "Istanbul TUR"]
[Date "2012.08.28"]
[EventDate "2012.08.28"]
[Round "1.1"]
[Result "0-1"]
[White "Richard S Jones"]
[Black "Pentala Harikrishna"]
[WhiteElo "2393"]
[BlackElo "2685"]
[PlyCount "80"]

1. e4 e5 2. Nf3 Nc6 3. Bb5 a6 4. Ba4 Nf6 5. O-O Be7 6. Re1 b5
7. Bb3 O-O 8. c3 d6 9. h3 Nb8 10. d4 Nbd7 11. Nbd2 Bb7 12. Bc2
Re8 13. Nf1 Bf8 14. Ng3 g6 15. b3 Bg7 16. d5 Rc8 17. a4 c6
18. dxc6 Rxc6 19. Bd2 Rc8 20. axb5 axb5 21. Bd3 Bc6 22. c4 Rb8
23. Ba5 Qe7 24. cxb5 Bxb5 25. Bc7 Rb7 26. Bxb5 Rxc7 27. Ra6
Rb8 28. Bc4 Nb6 29. Qe2 Nfd7 30. Rd1 Nc5 31. Ra2 Bh6 32. Nh2
Nxc4 33. bxc4 Ne6 34. Ra6 Bf4 35. Nhf1 Nd4 36. Qa2 Rcb7
37. Ra8 Qd8 38. Ra1 h5 39. Kh1 Kg7 40. Ne3 Rxa8 0-1

[Event "Chess Olympiad"]
[Site "Istanbul TUR"]
[Date "2012.08.30"]
[EventDate "2012.08.28"]
[Round "3.8"]
[Result "1-0"]
[White "Pentala Harikrishna"]
[Black "Alexander Beliavsky"]
[WhiteElo "2685"]
[BlackElo "2609"]
[PlyCount "53"]

1. e4 e5 2. Nf3 Nc6 3. Bb5 a6 4. Ba4 Nf6 5. O-O Be7 6. Re1 b5
7. Bb3 O-O 8. c3 d5 9. exd5 Nxd5 10. Nxe5 Nxe5 11. Rxe5 c6
12. d4 Bd6 13. Re1 Qh4 14. g3 Qh3 15. Re4 Bd7 16. Bc2 h6
17. Nd2 Bf5 18. Rh4 Bxc2 19. Qxc2 Qd7 20. c4 Nf6 21. Nf3 Rfe8
22. b3 Qe6 23. Bf4 g5 24. Re1 Qxe1+ 25. Nxe1 Rxe1+ 26. Kg2
gxf4 27. Qf5 1-0

[Event "Chess Olympiad"]
[Site "Istanbul TUR"]
[Date "2012.09.05"]
[EventDate "2012.08.28"]
[Round "8.8"]
[Result "1/2-1/2"]
[White "Milos Perunovic"]
[Black "Pentala Harikrishna"]
[WhiteElo "2614"]
[BlackElo "2685"]
[PlyCount "60"]

1. e4 e5 2. Nf3 Nc6 3. Nc3 Nf6 4. Bb5 Bb4 5. O-O O-O 6. d3 d6
7. Bg5 Ne7 8. Nh4 c6 9. Bc4 d5 10. Bb3 a5 11. a4 Bxc3 12. bxc3
Qd6 13. f4 dxe4 14. fxe5 Qxe5 15. Bxf6 gxf6 16. dxe4 Ng6
17. Qe1 Nxh4 18. Qxh4 Qxc3 19. Qxf6 Qxf6 20. Rxf6 Be6 21. Bxe6
fxe6 22. Rxe6 Rae8 23. Rxe8 Rxe8 24. Re1 Re5 25. Kf2 Rc5
26. Rb1 b5 27. axb5 cxb5 28. Ke3 Rxc2 29. Rxb5 Rxg2 30. Rxa5
Rxh2 1/2-1/2

[Event "Chess Olympiad"]
[Site "Istanbul TUR"]
[Date "2012.09.06"]
[EventDate "2012.08.28"]
[Round "9.9"]
[Result "1/2-1/2"]
[White "Pentala Harikrishna"]
[Black "Merab Gagunashvili"]
[WhiteElo "2685"]
[BlackElo "2578"]
[PlyCount "145"]

1. Nf3 d5 2. g3 g6 3. Bg2 Bg7 4. O-O Nf6 5. d3 O-O 6. Nbd2 Nc6
7. e4 e5 8. Re1 Re8 9. c3 a5 10. b3 h6 11. Bb2 Be6 12. a3 dxe4
13. dxe4 Nd7 14. b4 Nb6 15. Bf1 axb4 16. axb4 Qe7 17. Qc2 Reb8
18. h3 Qf8 19. Nb3 Nc4 20. Nc5 Qc8 21. Rxa8 Rxa8 22. Ra1 Rxa1
23. Bxa1 Nd6 24. Nxe6 Qxe6 25. Kg2 b5 26. Nd2 Nb8 27. c4 bxc4
28. Nxc4 Nc6 29. Ne3 Nxb4 30. Qxc7 Ne8 31. Qb7 Bf8 32. Bc4 Qe7
33. Qb6 Kh7 34. Bc3 h5 35. h4 Ng7 36. Bxb4 Qxb4 37. Qxb4 Bxb4
38. Bxf7 Kh6 39. Nd5 Bd2 40. Kh3 g5 41. Nb6 Be1 42. Kg2 Ba5
43. Nc4 Bc7 44. Nd2 gxh4 45. gxh4 Bd8 46. Nf3 Bc7 47. Kf1 Bd6
48. Ke2 Bc7 49. Ne1 Bd8 50. Ng2 Bb6 51. f3 Bd8 52. Kd3 Be7
53. Kc4 Bxh4 54. Nxh4 Kg5 55. Kd5 Kxh4 56. Kxe5 Kg3 57. f4 h4
58. f5 h3 59. f6 Nh5 60. Bxh5 h2 61. Bf3 Kxf3 62. f7 h1=Q
63. f8=Q+ Ke2 64. Qa8 Kf3 65. Kd5 Qd1+ 66. Ke6 Ke3 67. e5 Qg4+
68. Kd6 Qb4+ 69. Kd7 Qd4+ 70. Ke6 Qg4+ 71. Ke7 Qb4+ 72. Kf7
Qf4+ 73. Ke6 1/2-1/2

[Event "Spanish Team Championship (Honor Division)"]
[Site "Leon ESP"]
[Date "2012.11.06"]
[EventDate "2012.11.05"]
[Round "2.3"]
[Result "1/2-1/2"]
[White "Eduardo Patricio Iturrizaga Bonelli"]
[Black "Pentala Harikrishna"]
[WhiteElo "2656"]
[BlackElo "2692"]
[PlyCount "80"]

1. Nf3 Nf6 2. c4 e6 3. g3 d5 4. b3 Be7 5. Bg2 O-O 6. O-O c5
7. Bb2 Nc6 8. e3 a6 9. cxd5 exd5 10. d4 Bg4 11. dxc5 Bxc5
12. a3 Re8 13. b4 Ba7 14. h3 Bh5 15. g4 Bg6 16. Nc3 d4
17. exd4 Nxd4 18. Nxd4 Bxd4 19. Qd2 Be5 20. Rfd1 h5 21. Bxb7
hxg4 22. Qxd8 Raxd8 23. hxg4 Nxg4 24. Bf3 Nf6 25. Rxd8 Rxd8
26. Rd1 Rb8 27. Na4 Bxb2 28. Nxb2 a5 29. bxa5 Rb3 30. Bc6 Rxa3
31. Nc4 Ra2 32. Bb7 Ne4 33. a6 Nc5 34. Ne5 Be4 35. Bxe4 Nxe4
36. Rd8+ Kh7 37. Ra8 Nd6 38. a7 Nb5 39. Nxf7 Rxa7 40. Rxa7
Nxa7 1/2-1/2

[Event "Spanish Team Championship (Honor Division)"]
[Site "Leon ESP"]
[Date "2012.11.07"]
[EventDate "2012.11.05"]
[Round "3.2"]
[Result "1-0"]
[White "Pentala Harikrishna"]
[Black "Mihail Marin"]
[WhiteElo "2692"]
[BlackElo "2547"]
[PlyCount "45"]

1. e4 e5 2. Nf3 Nc6 3. Bb5 a6 4. Ba4 Nf6 5. d3 d6 6. c3 g6
7. Bg5 h6 8. Bh4 Bg7 9. Nbd2 O-O 10. Nf1 Ne7 11. Ne3 Nh5
12. Bb3 c6 13. d4 Qc7 14. O-O b5 15. Qd2 Bb7 16. Ng4 Kh7
17. dxe5 dxe5 18. Nfxe5 Rad8 19. Qe3 f5 20. Bxe7 Qxe7 21. Nxg6
f4 22. Nxe7 fxe3 23. Nxe3 1-0

[Event "Biel (Masters)"]
[Site "Biel SUI"]
[Date "2013.07.30"]
[EventDate "2013.07.22"]
[Round "8.1"]
[Result "1-0"]
[White "Pentala Harikrishna"]
[Black "Tigran Gharamian"]
[WhiteElo "2680"]
[BlackElo "2655"]
[PlyCount "45"]

1. e4 c5 2. Nf3 d6 3. d4 cxd4 4. Nxd4 Nf6 5. Nc3 Nc6 6. Bg5 e6
7. Qd2 a6 8. O-O-O Bd7 9. f4 b5 10. Bxf6 gxf6 11. Kb1 Qb6
12. Nxc6 Bxc6 13. f5 h5 14. Qe1 Ra7 15. Bd3 b4 16. Ne2 e5
17. Qh4 Ke7 18. Ng3 Qf2 19. Rhf1 Qxg2 20. Be2 Bh6 21. Bf3 Bg5
22. Qxg5 Qxf3 23. Qd2 1-0

[Event "Biel (Masters)"]
[Site "Biel SUI"]
[Date "2013.07.31"]
[EventDate "2013.07.22"]
[Round "9.1"]
[Result "1/2-1/2"]
[White "Pentala Harikrishna"]
[Black "Bu Xiangzhi"]
[WhiteElo "2680"]
[BlackElo "2664"]
[PlyCount "83"]

1. e4 e5 2. Nf3 Nf6 3. Nxe5 d6 4. Nf3 Nxe4 5. Qe2 Qe7 6. d3
Nf6 7. Nc3 c6 8. Bf4 Qxe2+ 9. Bxe2 Be7 10. Ne4 Nxe4 11. dxe4
Nd7 12. O-O-O Nc5 13. Bxd6 Bxd6 14. Rxd6 Nxe4 15. Rd4 Nf6
16. Bc4 O-O 17. Ne5 Bf5 18. Rf4 Be6 19. Bxe6 fxe6 20. f3 c5
21. Re1 Rac8 22. Ra4 a6 23. Ra3 Nd5 24. Rb3 b5 25. Ra3 Nc7
26. Nd7 Rf5 27. g4 Rf4 28. Nxc5 Rc4 29. Ne4 Nd5 30. Re2 Nb4
31. c3 R4c6 32. Ng5 Nd3+ 33. Kc2 Nc5 34. b4 h6 35. Ne4 Nd7
36. Rb3 Kf8 37. Re3 Nb6 38. Nc5 Nc4 39. Rd3 Ne5 40. Re3 Nc4
41. Rd3 Ne5 42. Re3 1/2-1/2

[Event "Biel (Masters)"]
[Site "Biel SUI"]
[Date "2013.08.01"]
[EventDate "2013.07.22"]
[Round "10.1"]
[Result "1/2-1/2"]
[White "Boris Grachev"]
[Black "Pentala Harikrishna"]
[WhiteElo "2683"]
[BlackElo "2680"]
[PlyCount "40"]

1. c4 Nf6 2. Nc3 e6 3. e4 d5 4. cxd5 exd5 5. e5 Ne4 6. Nf3 Nc6
7. Bb5 Be7 8. O-O O-O 9. Re1 Bf5 10. d3 Nxc3 11. bxc3 a6
12. Bxc6 bxc6 13. Nd4 Qd7 14. Be3 c5 15. Nxf5 Qxf5 16. Qb3
Qxd3 17. Rad1 c4 18. Qb2 Qf5 19. Rxd5 Rab8 20. Qe2 Qe4 1/2-1/2

[Event "Biel (Masters)"]
[Site "Biel SUI"]
[Date "2013.08.02"]
[EventDate "2013.07.22"]
[Round "11.1"]
[Result "1-0"]
[White "Pentala Harikrishna"]
[Black "Daniel Hausrath"]
[WhiteElo "2680"]
[BlackElo "2516"]
[PlyCount "57"]

1. e4 c6 2. d3 d5 3. Nd2 e5 4. Ngf3 Bd6 5. Be2 Nf6 6. O-O O-O
7. b3 Re8 8. Bb2 a5 9. a3 Nbd7 10. Re1 b6 11. Bf1 Ba6 12. g3
dxe4 13. Nxe4 Nxe4 14. Rxe4 Qc7 15. Qd2 Rad8 16. Rae1 Nf6
17. R4e2 Nd7 18. Bg2 f6 19. Nh4 Rf8 20. Nf5 Nc5 21. Qe3 Ne6
22. Nxd6 Rxd6 23. f4 exf4 24. gxf4 c5 25. Qg3 Bc8 26. f5 Ng5
27. Bd5+ Rxd5 28. Qxc7 Rxf5 29. Re3 1-0